01001pam a2200301 a 45000010008000000030006000080050017000140080041000310200015000720200018000870350012001050400018001170820025001351000031001602450091001912500013002822600036002953000021003313360026003523370028003783380027004065040030004336300045004639060045005089420015005539990017005689520114005854206807GBCCL20251112134038.0811116s1982 ilu b 000 0 eng  a0802463576 a9780802463579 a4206807 aDLCcDLCdDLC00a227.83077219bKEN 11 aKent, Homer Austin,d1926-14aThe Pastoral Epistles :bstudies in 1 and 2 Timothy and Titus /cby Homer A. Kent, Jr. aRev. ed. aChicago :bMoody Press,cc1982. a313 p. ;c21 cm. atextbtxt2rdacontent aunmediatedbn2rdamedia avolumebnc2rdacarrier aBibliography: p. 307-313.00aBible.pPastoral EpistlesxCommentaries. a7bcbccorignewd1eocipf19gy-gencatlg 2ddccBKn0 c11023d11023 00102ddc4070aGBCbGBCcBSd2025-11-12l0o227.83077 KENp017230r2025-11-12 13:40:50tc.1w2025-11-12yBK